00788nam a2200169Ia 450000500170000000800410001702000150005808200150007310000150008824500430010326000400014630000160018650002990020294200060050195200960050799900150060320240426055405.0240331s9999 xx 000 0 und d a8185059098 bTOMa331.4 aTom, Irene 0aWomen in unorganised sectorcIrene tom aNew Delhi :bUsha publicationc1989 ax, 110 p ., a This book fills the gap by describing the use of technology, work organization and labor relations in silk industry. the book also deals with the challenge presented by the question of how development initiated in silk industry can improve women's working conditions in the unorganized sector. cL 001040708LaWERCLbWERCLcSSCd2024-03-31l0o 331.4 TOMp971r2024-03-31w2024-03-31yL c2618d2618